000 01808cam a22003374i 4500
999 _c45846
_d45846
001 19481
003 CO-MdFUSB
005 20190202100326.0
008 180410t19731971enkaho|g |||| 00| 0 eng d
020 _a281-02736-6
040 _aCO-MdFUSB
_bspa
_cCO-MdFUSB
_dCO-MdFUSB
_erda
041 _aeng
082 _224
_aG 220.06
_bH417i
100 1 _aHayes, John J.
_eautor
242 0 0 _aIntroducción a la biblia
_lInglés
245 0 0 _aIntroduction to the Bible
_c/ John H. Hayes
264 1 _aLondon :
_bSPCK ;
_c℗1973
264 4 _c©1971
300 _axvi, 515 páginas
_b:
_c24 cm.
336 _2rdacontent
_atexto
_btxt
337 _2rdamedia
_asin mediación
_bn
338 _2rdacarrier
_avolumen
_bnc
501 _aIncluye índices (p. 479-515)
504 _aBibliografía (p. 467- 478)
505 0 0 _aUn enfoque para el estudio de la Biblia -- La formación y la transmisión de la Biblia -- El mundo bíblico -- La historia temprana del pueblo hebreo -- Las tribus hebreas en la tierra de Canaán -- Saúl y David -- La era solomónica -- La historia yahvista de Israel -- La historia y la profecía de Israel -- Isaías y la crisis asiria -- Los últimios días de la independencia de Judá -- Las profecías de un futuro con esperanza -- Interpretaciones del pasado del exilio -- La literatura de la sabiduría -- Los períodos persas y helenísticos -- Los períodos asmoneos y romanos -- En busca del Jesús histórico -- Jesús en los Evangelios -- La vida y la fe de la iglesia primitiva -- Pablo y la iglesia en el mundo grecorromana -- Las reformulaciones de las tradiciones del evangelio -- Conflicto y consolidación de la iglesia en desarrollo
563 _aRústico
630 0 0 _aBiblia
_vIntroducciones
650 0 _aBiblia
_916
942 _cBK